1298 1364 1596 1883 1726 1005 1043 1954 1928 1272 1892 1739 1808 1962 1267 1070 1870 1602 1237 1025 1658 1735 1713 1331 1170 1196 1492 1293 1567 1485 1106 1398 1991 1443 1486 1191 1499 1845 1615 1852 1779 1847 1985 1572 1395 1386 1612 1478 1785 1832 1390 1415 1950 1100 1434 1349 1001 1485 1337 1538 1113 1233 1709 1328 1634 1765 1182 1913 1438 1696 1966 1086 1242 1954 1628 1311 1416 1466 1256 1618 1954 1914 1561 1268 1838 1873 1010 1771 1530 1832 1216 1899 1687 1756 1158 1834 1756 1249 1572 BCNSPRNW ULIB Ver.6.0+V

เปลี่ยนเป็นภาษาไทย

Change to English
 แสดงรายละเอียดบรรณานุกรม
  กลับหน้าหลัก

Brief Record : Get Marc (ISO 2709) : E-mail record : QR code < ปิดหน้าต่าง
LEADER : 00000nam 2200000uu 4500
001    13399114400
003     ULIB
008    110908s||||||||th 000 0 tha d
020    9789744964861
050 04 LB1027^bฆ219ส
100 0  ฆนัท ธาตุทอง
245 10 สอนคิด : การจัดการเรียนรู้เพื่อพัฒนาการคิด /^cฆนัท ธาตุทอง
250    พิมพ์ครั้งที่ 2
260    กรุงเทพฯ :^bเพชรเกษมการพิมพ์,^c2554
300    397 หน้า
650  7 สอนคิด
650  7 การคิด
945    ^p295^l0^i031491
995    ทศพร
999 ^a ทศพร
รายการนี้ยังไม่มีแท็ก
คุณยังไม่ได้ล็อกอิน คุณสามารถมีกิจกรรมร่วมกับเว็บไซต์ได้ แต่ต้องล็อกอินก่อน ::
  ล็อกอิน

รายการสื่อสารสนเทศ

ลำดับที่ ประเภท เลขเรียก/บาร์โค้ด สถานที่ สถานะ
- ไม่พบข้อมูล -

รายการใกล้เคียง
    ผู้แต่ง [ฆนัท ธาตุทอง]

    หัวเรื่อง [การคิด]

BibComment


ยังไม่เคยถูกคอมเมนท์

คอมเมนท์ทรัพยากรรายการนี้
  คอมเมนท์: สอนคิด การจัดการ..


 Copyright 2026. Bcnsprnw @Library